000 00338nam a22001217a 4500
082 _a297.63 HAK'L
100 _aHAKEEM, F. R AL HAJ
_957666
245 _aTHE LIFE OF MUHAMMAD PBUH
260 _aLONDON
_bOXFORD UNIVERSITY PRESS
_c1948
300 _a48P
650 _aISLAM-BIOGRAPHY-PROPHET MUHAMMAD PEACE BE UPON HIM
_915262
942 _cBK
999 _c567938
_d567938